The World of the Castrati (Record no. 6615)

MARC details
005 - DATE AND TIME OF LATEST TRANSACTION
control field 20250709064704.0
020 ## - INTERNATIONAL STANDARD BOOK NUMBER
International Standard Book Number 0-285-63460-7
082 ## - DEWEY DECIMAL CLASSIFICATION NUMBER
Classification number 782.86092 BAR
100 ## - MAIN ENTRY--PERSONAL NAME
Author name BARBIER, P
245 ## - TITLE STATEMENT
Title The World of the Castrati
260 ## - PUBLICATION, DISTRIBUTION, ETC.
Place of publication, distribution, etc. London
Name of publisher, distributor, etc. souvenir Press
Date of publication, distribution, etc. 1996
300 ## - PHYSICAL DESCRIPTION
Extent 262p.;ill
Dimensions 20cm
942 ## - ADDED ENTRY ELEMENTS (KOHA)
Source of classification or shelving scheme Dewey Decimal Classification
Koha item type Books
Holdings
Date last seen Total checkouts Full call number Barcode Cost, replacement price Price effective from Koha item type Lost status Source of classification or shelving scheme Damaged status Not for loan Withdrawn status Home library Current library Shelving location Date acquired Source of acquisition Cost, normal purchase price
07/09/2025   782.86092 BAR MZA0002971 90000.00 07/04/2024 Books   Dewey Decimal Classification       CBE Mwanza CBE Mwanza General Collection 07/04/2024 Donation 30000.00